00853nam a2200145Ia 4500008004100000082001700041100003500058245027200093260004300365300002300408440002400431500004800455650015600503700004800659120622s9999 xx 000 0 und d a972.02 S131r aSahagún Bernardino de (Fray) aRelación de la conquista de esta Nueva España como la contaron los soldados indios que se hallaron presentes : publicada con una disertación sobre la aparición guadalupana, y con notas sobre la conquista de México Carlos María de Bustamante / Bernardino d aMéxico : Fundación Miguel Alemán a249 + xxii + 20 p. abiblioteca mexicana aFacsímil de la edición mexicana de 1840 a1. MEXICO - HISTORIA - DESCUBRIMIENTO Y CONQUISTA, 1517-1521 \ 2. INDIOS DE MEXICO - HISTORIA ANTIGUA \ 3. INDIOS DE MEXICO - VIDA SOCIAL Y CONSTUMBRES aBustamante, Carlos María de, 1774-1848Ì